| 000 | 00346nam a22001337a 4500 | ||
|---|---|---|---|
| 020 | _a9780064441872 | ||
| 040 | _cNUST | ||
| 082 | _a823-CH POM | ||
| 100 |
_a Pomerantz, Charlotte _9110212 |
||
| 245 | _aThe Outside Dog Reading 3 Alone I Can Read | ||
| 260 |
_aNew York: _bHarperCollins, _c1993. |
||
| 650 | _aEnglish Fiction | ||
| 942 |
_2ddc _cBK |
||
| 999 |
_c593666 _d593666 |
||